| 000 | 00700nam a2200205Ia 4500 | ||
|---|---|---|---|
| 001 | L250-16376 | ||
| 003 | IT-CnALBA | ||
| 008 | 170116s9999||||xx |||||||||||||| ||und|| | ||
| 040 |
_aIT-CnALBA _cIT-CnALBA |
||
| 041 | _aLATINO | ||
| 100 | _aMICHELETTI M. ANDREAS, SAC. | ||
| 245 | 0 | _aDE REGIMINE ECCLESIASTICO RELIGIOSORUM NECNON SEMINARIORUM. VOL. I: DE REGIMINE IN GENERE. | |
| 250 | _a1a ed. | ||
| 260 |
_a PARIS RO RA. _bHERDER- PUNTET COEDITORI _c1909 [1° Ed.: n.d.] |
||
| 300 | _a600 p. | ||
| 501 | _aSocietà San Paolo EM - Piazza San Paolo, 14 - 12051 ALBA (CN) (non commercial uses only) ® Copyright 2017 | ||
| 650 | _aTEOLOGIA PASTORALE | ||
| 942 | _cBK | ||
| 957 | _71 | ||
| 999 |
_a21124 _bSI _g Copie: 1 _c275538 _d275538 |
||